000 00329nam a22001217a 4500
008 180607b xxu||||| |||| 00| 0 eng d
041 _aeng
080 _a043.3
100 _a0
101 _aSHKI-BA
245 _aDizajnimi dhe Implementimi i Rrjetave Kompjuterike ne Kompani te vogla dhe te mesme
_cKastrati, U
942 _2udc
_cBK
999 _c46552
_d46552